01359nam a2200349 a 450000500170000000800410001702000150005804100080007310000380008124500850011925000110020426000360021530000110025150001200026265300400038265300410042265300360046365300340049965300210053365300430055465300220059765300700061965300370068965300220072665300530074865300220080165300320082365300400085565300170089565300700091265300270098220240506134301.0100318t2004||||ag a f |||| 001 0 spa d a9879165489 aspa1 aMüller, Fernando W.eCompilador aEntrenamiento médico para la cesación del tabaquismo /cFernando W. Müller a1a ed. aBuenos Aires: bPolemos;c2004. a254 p. aMüller, F. W. (2004). Entrenamiento médico para la cesación del tabaquismo. (1a ed.). Buenos Aires : Polemos. 3aPrimera parte: El tabaco y la salud aPelea contra un gigante. Su historia 3aEl tabaquismo mata. Sus trampas aConsumo de tabaco en el mundo aFumar sin querer aHumo del cigarrillo y carcinogénesis 1a¿Qué es fumar? aTabaco y sistemas. Los efectos adversos del tabaco sobre la salud aTabaco e hipertensión arterial aTabaco y diabetes aSegunda parte: Cesación y tratamiento médico aTratamiento MEDEF aTratamiento farmacológico aTratamiento médico. "Entrevistas" aGrupos MEDEF aAnexo:Legislación Nacional e Internacional de control de tabaco aAnexo: Sumar esfuerzos